000
00385nam a22001697a 4500
003
MPLRDC
005
20220104145441.0
008
210129b ||||| |||| 00| 0 eng d
082
_a
617 LLZ
100
_a
罗龙治
245
_a
狂飙英雄的悲剧
_c
250
_a
初版
260
_a
_b
时报
_c
1985
300
_b
平
650
_a
中国史地杂论
942
_c
BK
_o
617 LLZ
999
_c
51321
_d
51311